000 007180000a22002050004500
020 _a950-683-103-3
082 0 4 _aG 268.4 B6577m
100 1 _aBlowes, Teresa
245 1 0 _aManual del líder de grupos / Teresa Blowes
260 _aBuenos Aires : Certeza Argentina
300 _a104 p.
501 _aRústico
505 0 0 _a¿Hacia dónde vamos? -- El liderazgo -- Las relaciones en el grupo -- El desafío de la comunicación -- El evangelismo en la célula -- La palabra: viva y activa -- La madurez del grupo
650 1 4 _aLIDERAZGO CRISTIANO \ DISCIPULADO
001 2961
942 _cBK
999 _c33684
_d33684
336 _atexto
_btxt
_2rdacontent
337 _2rdamedia
_asin mediación
_bn
338 _2rdacarrier
_avolumen
_bnc